书目信息 |
| 题名: |
维克多·霍塔
|
|
| 作者: | 林崇华 , 史艳琨 译 | |
| 分册: | ||
| 出版信息: | 北京 中国电力出版社 2008.04 |
|
| 页数: | 77页 | |
| 开本: | 23cm | |
| 丛书名: | 大师系列 | |
| 单 册: | ||
| 中图分类: | K835.64 | |
| 科图分类: | ||
| 主题词: | 建筑设计--jian zhu she ji--比利时--现代--作品集 | |
| 电子资源: | ||
| ISBN: | 978-7-5083-6854-2 | |
| 000 | 01115nam 2200289 450 | |
| 001 | 012008187033 | |
| 005 | 20080606093442.35 | |
| 010 | @a978-7-5083-6854-2@dCNY28.00 | |
| 100 | @a20080605d2008 em y0chiy0120 ea | |
| 101 | 1 | @achi@ceng |
| 102 | @aCN@b110000 | |
| 105 | @aa z 000yd | |
| 106 | @ar | |
| 200 | 1 | @a维克多·霍塔@Awei ke duo·huo ta@d= Victor Horta@f林崇华, 史艳琨译@Flin chong hua,shi yan kun yi@zeng |
| 210 | @a北京@c中国电力出版社@d2008.04 | |
| 215 | @a77页@c图@d23cm | |
| 225 | 2 | @a大师系列@Ada shi xi lie |
| 330 | @a本书介绍的霍塔的作品有奥垂科住宅、塔瑟尔住宅、温斯格住宅、索尔维住宅、德普雷住宅、霍塔工作室、沃奎兹购物中心等10余个案例。内容包括每个设计案例的设计建造地点、施工时间及设计说明,以图文结合的形式讲述了建筑大师的成就。 | |
| 410 | 0 | @12001 @a大师系列 |
| 510 | 1 | @aVictor Horta@zeng |
| 600 | 1 | @a霍塔,@Ahuo ta@f1861-1947@x生平事迹 |
| 606 | 0 | @a建筑设计@Ajian zhu she ji@y比利时@z现代@j作品集 |
| 690 | @aK835.64@v4 | |
| 701 | 0 | @a林崇华@Alin chong hua@4译 |
| 701 | 0 | @a史艳琨@Ashi yan kun@4译 |
| 801 | 0 | @aCN@bQSSK@c20080606 |
| 905 | @b724753-57@dK835.64@eH973@f5 | |
| 维克多·霍塔= Victor Horta/林崇华, 史艳琨译.-北京:中国电力出版社,2008.04 |
| 77页:图;23cm.-(大师系列) |
| ISBN 978-7-5083-6854-2:CNY28.00 |
| 本书介绍的霍塔的作品有奥垂科住宅、塔瑟尔住宅、温斯格住宅、索尔维住宅、德普雷住宅、霍塔工作室、沃奎兹购物中心等10余个案例。内容包括每个设计案例的设计建造地点、施工时间及设计说明,以图文结合的形式讲述了建筑大师的成就。 |
| ● |
| 相关链接 |
|
|
|
正题名:维克多·霍塔
索取号:K835.64/H973
 
预约/预借
| 序号 | 登录号 | 条形码 | 馆藏地/架位号 | 状态 | 备注 |
| 1 | 724753 | 207247530 | 社科库309/309社科库 1排2列4层/ [索取号:K835.64/H973] | 在馆 | |
| 2 | 724754 | 207247549 | 社科库309/309社科库 1排2列4层/ [索取号:K835.64/H973] | 在馆 | |
| 3 | 724755 | 207247558 | 社科库309/309社科库 1排2列4层/ [索取号:K835.64/H973] | 在馆 | |
| 4 | 724756 | 207247567 | 社科库309/309社科库 1排2列4层/ [索取号:K835.64/H973] | 在馆 | |
| 5 | 724757 | 207247576 | 社科库309/309社科库 1排2列4层/ [索取号:K835.64/H973] | 在馆 |